[Event "Hanoi op (Women)"]
[Site "Hanoi"]
[Date "2022.08.21"]
[Round "2"]
[White "Tran, Le Dan Thuy"]
[Black "Le, Khac Minh Thu"]
[Result "1/2-1/2"]
[WhiteElo "1992"]
[BlackElo "1323"]
[PlyCount "105"]
[EventDate "2022.08.20"]
[EventType "swiss"]
[EventRounds "9"]
[EventCountry "VIE"]
[SourceTitle "CBM 209 Extra"]
[Source "ChessBase"]
[SourceDate "2022.09.30"]
[SourceVersion "1"]
[SourceVersionDate "2022.09.30"]
[SourceQuality "1"]

1. e4 c5 2. Nf3 g6 3. d4 cxd4 4. Nxd4 Bg7 5. Nc3 a6 6. Be3 e6 7. Be2 Ne7 8. 0-0 0-0 9. f4 Nbc6 10. f5 exf5 11. exf5 Nxd4 12. Bxd4 Nxf5 13. Rxf5 gxf5 14. Bxg7 Kxg7 15. Nd5 b5 16. Qd4+ f6 17. Rf1 Qe8 18. Ne3 d5 19. Bf3 Qe5 20. Qd3 d4 21. Bxa8 dxe3 22. g3 Re8 23. b3 Qc5 24. Re1 f4 25. Bf3 Bh3 26. c3 Qg5 27. Qd6 Re6 28. Qc7+ Kh6 29. Qxf4 Qxf4 30. gxf4 Re7 31. Bd5 Kg6 32. Bg2 Bg4 33. h3 Bh5 34. c4 Kf5 35. c5 Kxf4 36. c6 Kg3 37. c7 Rxc7 38. Rxe3+ Kf4 39. Re4+ Kg3 40. Re3+ Kf4 41. Re4+ Kf5 42. Re1 h6 43. Bd5 a5 44. a4 b4 45. Kf2 Kg5 46. Bc4 Rc5 47. Kg3 Re5 48. h4+ Kf5 49. Rf1+ Kg6 50. Rf2 Re3+ 51. Kf4 Re5 52. Rg2+ Kh7 53. Rd2 1/2-1/2

[Event "VIE-ch (Women)"]
[Site "Tinh Bac Giang"]
[Date "2022.02.28"]
[Round "5"]
[White "Le, La Tra My"]
[Black "Tran, Le Dan Thuy"]
[Result "0-1"]
[WhiteElo "1829"]
[BlackElo "1998"]
[PlyCount "82"]
[EventDate "2022.02.28"]
[EventType "swiss"]
[EventRounds "9"]
[EventCountry "VIE"]
[SourceTitle "CBM 207 Extra"]
[Source "ChessBase"]
[SourceDate "2022.05.31"]
[SourceVersion "1"]
[SourceVersionDate "2022.05.31"]
[SourceQuality "1"]

1. d4 d5 2. c4 e6 3. g3 Nf6 4. Bg2 Be7 5. Nf3 0-0 6. 0-0 dxc4 7. Qc2 b5 8. a4 b4 9. Qxc4 Ba6 10. Qc2 Bb7 11. Nbd2 Nbd7 12. b3 c5 13. Bb2 Rc8 14. Qd3 cxd4 15. Bxd4 Nc5 16. Qb1 Nce4 17. Nc4 Bc5 18. Qb2 Bxd4 19. Nxd4 Ba6 20. Rfd1 Qe7 21. Ne5 Nc3 22. Rd2 Qc5 23. Nec6 Bb7 24. a5 a6 25. Ra4 Bxc6 26. Bxc6 Rxc6 27. Rxb4 Qxb4 28. Nxc6 Qc5 29. Rc2 Nfe4 30. e3 Qxc6 31. f3 Ng5 32. Rxc3 Qxf3 33. Qg2 Qd1+ 34. Qf1 Nh3+ 35. Kg2 Qd2+ 36. Kxh3 Qxc3 37. Qxa6 Qxb3 38. Qa7 Qd5 39. Qb6 Rc8 40. a6 Qh5+ 41. Kg2 Rc2+ 0-1

[Event "VIE-ch (Women)"]
[Site "Tinh Bac Giang"]
[Date "2022.02.28"]
[Round "8"]
[White "Tran, Le Dan Thuy"]
[Black "Hoang, Thi Bao Tram"]
[Result "0-1"]
[WhiteElo "1998"]
[BlackElo "2269"]
[PlyCount "106"]
[EventDate "2022.02.28"]
[EventType "swiss"]
[EventRounds "9"]
[EventCountry "VIE"]
[SourceTitle "CBM 207 Extra"]
[Source "ChessBase"]
[SourceDate "2022.05.31"]
[SourceVersion "1"]
[SourceVersionDate "2022.05.31"]
[SourceQuality "1"]

1. e4 c6 2. d4 d5 3. Nd2 dxe4 4. Nxe4 Bf5 5. Ng3 Bg6 6. Nf3 Nd7 7. Bd3 e6 8. 0-0 Ngf6 9. Re1 Be7 10. Bxg6 hxg6 11. c4 0-0 12. b3 a5 13. a3 b5 14. c5 Qc7 15. Qc2 Rfd8 16. Bd2 a4 17. b4 Nf8 18. Bc3 Rd5 19. Ne5 Rad8 20. Ne2 g5 21. f4 Nh5 22. fxg5 Bxg5 23. Rf1 f6 24. Ng4 Qf7 25. g3 Qg6 26. Qxg6 Nxg6 27. Rf3 f5 28. Ne3 R5d7 29. g4 fxg4 30. Nxg4 Nf6 31. Nf2 Bh6 32. Kh1 Rd5 33. Rg1 Kh7 34. Ng4 Nxg4 35. Rxg4 Rf5 36. Rfg3 Nf4 37. Nxf4 Rxf4 38. Rxf4 Bxf4 39. Rf3 g5 40. Bb2 Kg6 41. Kg2 Kf5 42. Rh3 e5 43. Kf2 exd4 44. Ke2 Ke4 45. Rh6 d3+ 46. Kd1 Kd5 47. Bc3 d2 48. Rh3 Kc4 49. Bf6 Rd3 50. Rxd3 Kxd3 51. h3 Ke3 52. h4 g4 53. Be7 g3 0-1

[Event "VIE-ch op (Women)"]
[Site "Hanoi"]
[Date "2020.11.25"]
[Round "5"]
[White "Tran, Le Dan Thuy"]
[Black "Vo, Mai Truc"]
[Result "1-0"]
[WhiteElo "2303"]
[BlackElo "2293"]
[PlyCount "139"]
[EventDate "2020.11.23"]
[EventType "swiss"]
[EventRounds "9"]
[EventCountry "VIE"]
[SourceTitle "CBM 199 Extra"]
[Source "ChessBase"]
[SourceDate "2021.01.31"]
[SourceVersion "1"]
[SourceVersionDate "2021.01.31"]
[SourceQuality "1"]

1. e4 e5 2. Nf3 Nc6 3. Bc4 Bc5 4. c3 Nf6 5. d4 exd4 6. cxd4 Bb4+ 7. Bd2 Bxd2+ 8. Nbxd2 d6 9. h3 h6 10. 0-0 0-0 11. d5 Ne5 12. Nxe5 dxe5 13. Rc1 Bd7 14. Qb3 Rb8 15. Qe3 a6 16. f4 Qe7 17. Bd3 Bb5 18. Bxb5 axb5 19. Qc5 Qxc5+ 20. Rxc5 c6 21. dxc6 bxc6 22. Rxe5 Rfd8 23. Nb3 Ra8 24. a3 b4 25. axb4 Rdb8 26. Nc5 Rxb4 27. b3 Rd4 28. Rf2 Ra1+ 29. Kh2 g6 30. Kg3 Rc1 31. Kf3 Rdd1 32. Ra2 Rf1+ 33. Ke3 Rfe1+ 34. Re2 Red1 35. b4 Rc3+ 36. Kf2 Rb1 37. Na6 Ra3 38. Ra5 Rxa5 39. bxa5 Ra1 40. Nb8 Rxa5 41. Nxc6 Rc5 42. Ne5 Rc1 43. Ke3 Rd1 44. Nd3 Nh5 45. Rf2 Ra1 46. g4 Nf6 47. e5 Nd5+ 48. Kd4 Rd1 49. Rf3 Nb4 50. Ke4 Nc6 51. f5 gxf5+ 52. gxf5 Rd2 53. e6 fxe6 54. fxe6 Re2+ 55. Re3 Rxe3+ 56. Kxe3 Kg7 57. Ke4 Kf6 58. Kd5 Nd8 59. Nf4 Nxe6 60. Nxe6 Kf5 61. Kd6 Ke4 62. Ng7 Kf4 63. h4 h5 64. Ke6 Kg4 65. Nf5 Kf4 66. Kf6 Kg4 67. Kg6 Kf4 68. Nh6 Ke5 69. Ng8 Ke6 70. Nf6 1-0

[Event "VIE-ch op (Women)"]
[Site "Hanoi"]
[Date "2020.11.23"]
[Round "2"]
[White "Nguyen, Hong Anh"]
[Black "Tran, Le Dan Thuy"]
[Result "1-0"]
[WhiteElo "2300"]
[BlackElo "2303"]
[PlyCount "83"]
[EventDate "2020.11.23"]
[EventType "swiss"]
[EventRounds "9"]
[EventCountry "VIE"]
[SourceTitle "CBM 199 Extra"]
[Source "ChessBase"]
[SourceDate "2021.01.31"]
[SourceVersion "1"]
[SourceVersionDate "2021.01.31"]
[SourceQuality "1"]

1. d4 d5 2. c4 e6 3. Nf3 Nf6 4. g3 c6 5. Qc2 Nbd7 6. Nbd2 Bd6 7. Bg2 Qe7 8. 0-0 0-0 9. Re1 e5 10. cxd5 cxd5 11. dxe5 Nxe5 12. Nxe5 Qxe5 13. e4 Bf5 14. Nc4 dxc4 15. Bf4 Qc5 16. Bxd6 Qxd6 17. exf5 Qc7 18. Rac1 Rac8 19. b3 b5 20. bxc4 Qxc4 21. Qxc4 Rxc4 22. Bf1 Rxc1 23. Rxc1 a6 24. Rc6 Ra8 25. Bg2 Ne8 26. Rb6 Rc8 27. Rxa6 Rc1+ 28. Bf1 Nc7 29. Rb6 Kf8 30. Kg2 Rc5 31. Bd3 f6 32. Rb7 Ke8 33. Be2 Kd7 34. Rb8 Re5 35. Bd1 Kd6 36. g4 Kc5 37. Bb3 Re7 38. h4 Kd4 39. Rd8+ Ke5 40. Kg3 h5 41. f3 hxg4 42. Kxg4 1-0

[Event "VIE-ch (Women)"]
[Site "Hanoi"]
[Date "2020.10.09"]
[Round "7"]
[White "Tran, Le Dan Thuy"]
[Black "Nguyen, Thi Thanh An"]
[Result "0-1"]
[WhiteElo "1987"]
[BlackElo "2285"]
[PlyCount "76"]
[EventDate "2020.10.05"]
[EventType "swiss"]
[EventRounds "9"]
[EventCountry "VIE"]
[SourceTitle "EXT 2022"]
[Source "ChessBase"]
[SourceDate "2021.10.06"]
[SourceVersion "1"]
[SourceVersionDate "2021.10.06"]
[SourceQuality "1"]

1. e4 c6 2. d4 d5 3. e5 c5 4. dxc5 e6 5. Be3 Ne7 6. f4 Nd7 7. Bb5 Nf5 8. Bf2 Qa5+ 9. Nc3 a6 10. Bxd7+ Bxd7 11. g4 d4 12. gxf5 dxc3 13. b3 exf5 14. Nf3 Bc6 15. 0-0 Rd8 16. Qe2 Bxc5 17. Bxc5 Qxc5+ 18. Qf2 Qb4 19. Qe3 0-0 20. Rad1 Be4 21. Ng5 Rxd1 22. Rxd1 Bxc2 23. Rc1 h6 24. Nf3 Be4 25. Rxc3 Rd8 26. Nd2 Bc6 27. Kf2 Qa5 28. a4 Qd5 29. Nf3 Qd1 30. Rxc6 bxc6 31. e6 Qc2+ 32. Kg3 Qe4 33. exf7+ Kxf7 34. Ne5+ Kg8 35. Qa7 Qe1+ 36. Kh3 Qc3+ 37. Kh4 Qxb3 38. Nxc6 Qf3 0-1

[Event "VIE-ch (Women)"]
[Site "Hanoi"]
[Date "2020.10.06"]
[Round "3"]
[White "Tran, Le Dan Thuy"]
[Black "Nguyen, Thien Ngan"]
[Result "1-0"]
[WhiteElo "1987"]
[BlackElo "1816"]
[PlyCount "107"]
[EventDate "2020.10.05"]
[EventType "swiss"]
[EventRounds "9"]
[EventCountry "VIE"]
[SourceTitle "EXT 2022"]
[Source "ChessBase"]
[SourceDate "2021.10.06"]
[SourceVersion "1"]
[SourceVersionDate "2021.10.06"]
[SourceQuality "1"]

1. e4 e5 2. Nf3 Nc6 3. Bc4 Bc5 4. c3 Nf6 5. d4 exd4 6. cxd4 Bb4+ 7. Bd2 Bxd2+ 8. Nbxd2 d5 9. exd5 Nxd5 10. Qb3 Na5 11. Qa4+ Nc6 12. Bb5 Bd7 13. 0-0 0-0 14. Qb3 Nb6 15. Rfe1 a6 16. Bd3 Be6 17. Rxe6 fxe6 18. Qxe6+ Kh8 19. Qh3 h6 20. Nh4 Rf6 21. Ne4 Qxd4 22. Nxf6 Qxf6 23. Ng6+ Kg8 24. Re1 Rd8 25. Be4 Ne5 26. Qb3+ Nec4 27. Bd3 Qd4 28. Ne5 Re8 29. Re4 Qd5 30. Rxc4 Rxe5 31. Rxc7 Re1+ 32. Bf1 Qxb3 33. axb3 Nd5 34. Rxb7 Nf4 35. g3 Nd3 36. Kg2 Nxb2 37. Bxa6 Ra1 38. Be2 Re1 39. Kf3 Rc1 40. Ke3 Rc2 41. h4 Rc5 42. g4 Kf8 43. f4 Rc1 44. g5 Rh1 45. h5 hxg5 46. fxg5 Nd1+ 47. Kd4 Rh4+ 48. Ke5 Nf2 49. Kf5 Ne4 50. Kg6 Rh3 51. Rf7+ Ke8 52. Rf3 Rxf3 53. Bxf3 Nd6 54. Kxg7 1-0

[Event "VIE-chT (Women)"]
[Site "Ho Chi Minh City"]
[Date "2019.09.27"]
[Round "3.8"]
[White "Tran, Le Dan Thuy"]
[Black "Vu, Khanh Linh"]
[Result "1-0"]
[WhiteElo "2005"]
[BlackElo "1514"]
[PlyCount "37"]
[EventDate "2019.09.26"]
[EventType "swiss"]
[EventRounds "9"]
[EventCountry "VIE"]
[SourceTitle "EXT 2020"]
[Source "ChessBase"]
[SourceDate "2019.10.17"]
[SourceVersion "1"]
[SourceVersionDate "2019.10.17"]
[SourceQuality "1"]

1. e4 e5 2. Nf3 Nc6 3. Bb5 a6 4. Ba4 b5 5. Bb3 d6 6. h3 Be7 7. c3 Nf6 8. d4 0-0 9. 0-0 Bb7 10. Nbd2 Ne8 11. Re1 Na5 12. Bc2 c5 13. Nf1 Rc8 14. d5 Nc4 15. Ng3 b4 16. b3 Nb6 17. c4 Ra8 18. Nf5 Bc8 19. Nh2 1-0

[Event "Ho Chi Minh City HD Bank op 9th"]
[Site "Ho Chi Minh City"]
[Date "2019.03.09"]
[Round "4"]
[White "Tran, Le Dan Thuy"]
[Black "Soham, Datar"]
[Result "0-1"]
[WhiteElo "2046"]
[BlackElo "2122"]
[PlyCount "166"]
[EventDate "2019.03.07"]
[EventType "swiss"]
[EventRounds "9"]
[EventCountry "VIE"]
[SourceTitle "CBM 189 Extra"]
[Source "ChessBase"]
[SourceDate "2019.06.03"]
[SourceVersion "1"]
[SourceVersionDate "2019.06.03"]
[SourceQuality "1"]

1. d4 Nf6 2. c4 c6 3. Nf3 d5 4. Nc3 a6 5. e3 b5 6. c5 g6 7. Bd3 Bg7 8. 0-0 0-0 9. Ne5 Nfd7 10. Nxd7 Nxd7 11. f4 Nf6 12. Bd2 a5 13. a3 Bf5 14. Bxf5 gxf5 15. h3 Qd7 16. Ne2 Ne4 17. Be1 Qe6 18. Kh2 h6 19. Bd2 a4 20. Ng3 Nxg3 21. Kxg3 Kh7 22. Kh2 Qe4 23. Rg1 Qd3 24. Rc1 e6 25. Rc3 Qe4 26. Qh5 Ra7 27. g4 fxg4 28. Rxg4 Qf5 29. Rg5 Qe4 30. Rc1 Bf6 31. Rg2 Qf5 32. Qf3 Raa8 33. Rcg1 Rg8 34. Rxg8 Rxg8 35. Rxg8 Kxg8 36. Qg4+ Qg6 37. Qxg6+ fxg6 38. Kg3 Kf7 39. h4 Bd8 40. Kg4 Kf6 41. Be1 h5+ 42. Kg3 Kf5 43. Kf3 Be7 44. Bf2 Bf8 45. Be1 Bg7 46. Bf2 Bh8 47. Be1 Bf6 48. Bf2 Be7 49. Bg3 e5 50. fxe5 g5 51. hxg5 Bxg5 52. Bf4 Bd8 53. Bg3 Ba5 54. Ke2 Bd8 55. Kf3 Be7 56. Bh2 h4 57. Bf4 Bd8 58. Ke2 Ba5 59. Bh2 b4 60. axb4 Bxb4 61. Bf4 Bc3 62. bxc3 a3 63. e4+ Kxf4 64. e6 a2 65. e7 a1Q 66. e8Q Qb2+ 67. Kf1 Qb1+ 68. Kf2 Qc2+ 69. Kg1 Qd1+ 70. Kh2 Qe2+ 71. Kg1 Qe1+ 72. Kh2 Qg3+ 73. Kh1 Qh3+ 74. Kg1 Qg4+ 75. Kf2 Qg3+ 76. Kf1 dxe4 77. Qxc6 Qf3+ 78. Kg1 Qg4+ 79. Kh2 Qg3+ 80. Kh1 h3 81. Qf6+ Ke3 82. Qf1 Qf3+ 83. Qxf3+ exf3 0-1